<?xml version="1.0" encoding="UTF-8"?>
<record
    xmlns:xsi="http://www.w3.org/2001/XMLSchema-instance"
    xsi:schemaLocation="http://www.loc.gov/MARC21/slim http://www.loc.gov/standards/marcxml/schema/MARC21slim.xsd"
    xmlns="http://www.loc.gov/MARC21/slim">

  <leader>01176nam a22002537i 4500</leader>
  <datafield tag="999" ind1=" " ind2=" ">
    <subfield code="c">22888</subfield>
    <subfield code="d">22888</subfield>
  </datafield>
  <controlfield tag="003">AR-CdUCM</controlfield>
  <controlfield tag="008">240509b20242024 pe||||| |||| 00| 0 spa d</controlfield>
  <datafield tag="020" ind1=" " ind2=" ">
    <subfield code="a">978-612-49087-2-9</subfield>
  </datafield>
  <datafield tag="040" ind1=" " ind2=" ">
    <subfield code="a">MUNICIPALIDAD PROVINCIAL DEL CUSCO</subfield>
    <subfield code="c">BIBLIOTECA MUNICIPAL DEL CUSCO</subfield>
  </datafield>
  <datafield tag="082" ind1=" " ind2=" ">
    <subfield code="a">339.46 / M96A</subfield>
    <subfield code="b">M96A</subfield>
  </datafield>
  <datafield tag="100" ind1=" " ind2=" ">
    <subfield code="a">Mu&#xF1;iz Capar&#xF3;, Julio Gilberto.</subfield>
  </datafield>
  <datafield tag="245" ind1=" " ind2=" ">
    <subfield code="a">El Ayllu en la modernidad /</subfield>
  </datafield>
  <datafield tag="260" ind1=" " ind2=" ">
    <subfield code="a">Lima :</subfield>
    <subfield code="b">Corporaci&#xF3;n Khipu S.A.C.,</subfield>
    <subfield code="c">2024</subfield>
  </datafield>
  <datafield tag="300" ind1=" " ind2=" ">
    <subfield code="a">198 p&#xE1;ginas. :</subfield>
    <subfield code="c">20 cm.</subfield>
  </datafield>
  <datafield tag="500" ind1=" " ind2=" ">
    <subfield code="z">Bibliograf&#xED;a: p&#xE1;ginas 195 - 197</subfield>
  </datafield>
  <datafield tag="505" ind1=" " ind2=" ">
    <subfield code="a">El Ayllu en la modernidad -- Una revoluci&#xF3;n democr&#xE1;tica -- La discriminaci&#xF3;n y la exclusi&#xF3;n -- El Per&#xFA; como doctrina -- Vivir bien (Allin Kawsay) -- El Ayllu -- La Minka -- La importancia de la incorporaci&#xF3;n del Ayllu -- La revoluci&#xF3;n educativa -- El presupuesto en una democracia comunitaria -- La defensa de la persona humana -- La planificaci&#xF3;n </subfield>
  </datafield>
  <datafield tag="650" ind1=" " ind2=" ">
    <subfield code="a">El Ayllu en la modernidad</subfield>
    <subfield code="9">49797</subfield>
  </datafield>
  <datafield tag="650" ind1=" " ind2=" ">
    <subfield code="a">Una revoluci&#xF3;n democr&#xE1;tica</subfield>
    <subfield code="9">49798</subfield>
  </datafield>
  <datafield tag="650" ind1=" " ind2=" ">
    <subfield code="a">Vivir bien (Allin Kawsay)</subfield>
    <subfield code="9">49799</subfield>
  </datafield>
  <datafield tag="650" ind1=" " ind2=" ">
    <subfield code="a">El Ayllu</subfield>
    <subfield code="9">49800</subfield>
  </datafield>
  <datafield tag="856" ind1=" " ind2=" ">
    <subfield code="f">www.khipu.edu.pe</subfield>
  </datafield>
  <datafield tag="942" ind1=" " ind2=" ">
    <subfield code="2">ddc</subfield>
    <subfield code="c">LIBROS</subfield>
  </datafield>
  <datafield tag="945" ind1=" " ind2=" ">
    <subfield code="a">pbj</subfield>
    <subfield code="d">2024-05-09</subfield>
  </datafield>
  <datafield tag="952" ind1=" " ind2=" ">
    <subfield code="0">0</subfield>
    <subfield code="2">ddc</subfield>
    <subfield code="4">0</subfield>
    <subfield code="7">0</subfield>
    <subfield code="a">SH</subfield>
    <subfield code="b">SH</subfield>
    <subfield code="c">CART</subfield>
    <subfield code="d">2024-05-09</subfield>
    <subfield code="e">Donacion</subfield>
    <subfield code="g">10.00</subfield>
    <subfield code="o">339.46 / M96A </subfield>
    <subfield code="p">SH0000016722</subfield>
    <subfield code="r">2024-05-09</subfield>
    <subfield code="y">LIBROS</subfield>
  </datafield>
  <datafield tag="952" ind1=" " ind2=" ">
    <subfield code="0">0</subfield>
    <subfield code="2">ddc</subfield>
    <subfield code="4">0</subfield>
    <subfield code="7">0</subfield>
    <subfield code="a">SH</subfield>
    <subfield code="b">SH</subfield>
    <subfield code="c">CART</subfield>
    <subfield code="d">2024-05-09</subfield>
    <subfield code="e">Donacion</subfield>
    <subfield code="g">10.00</subfield>
    <subfield code="o">339.46 / M96A  / e.2</subfield>
    <subfield code="p">SH0000016723</subfield>
    <subfield code="r">2024-05-09</subfield>
    <subfield code="y">LIBROS</subfield>
  </datafield>
</record>
